[Event "Montreal op U2000"]
[Site "Montreal"]
[Date "2016.09.11"]
[Round "4.20"]
[White "Kaneshalingam, Mathanhe"]
[Black "Zhong, Wenxuan"]
[Result "0-1"]
[WhiteElo "1694"]
[BlackElo "1805"]
[PlyCount "100"]
[EventDate "2016.09.09"]
[EventType "swiss"]
[EventRounds "5"]
[EventCountry "CAN"]
[SourceTitle "EXT 2022"]
[Source "ChessBase"]
[SourceDate "2021.10.06"]
[SourceVersion "1"]
[SourceVersionDate "2021.10.06"]
[SourceQuality "1"]

1. e4 d6 2. d4 Nf6 3. Nc3 g6 4. Nge2 Bg7 5. g3 0-0 6. Bg2 Nc6 7. 0-0 e5 8. dxe5 Nxe5 9. f4 Nc6 10. h3 Ne8 11. f5 g5 12. Nd5 h6 13. c3 Nf6 14. g4 Re8 15. Ng3 Ne5 16. Nxf6+ Bxf6 17. Qc2 b6 18. Be3 Ba6 19. Rfd1 Nc4 20. Bf2 Be5 21. Nf1 c5 22. Ne3 Nxe3 23. Bxe3 Qf6 24. Re1 Bb7 25. Rad1 b5 26. Bf2 a5 27. Re2 Ba6 28. Ree1 b4 29. cxb4 axb4 30. Rb1 Reb8 31. Red1 Bb5 32. a3 b3 33. Qd2 Bc6 34. Be3 Ra4 35. Qd3 c4 36. Qe2 Ba8 37. Qd2 Bxb2 38. Qxd6 Qxd6 39. Rxd6 Bxa3 40. Rxh6 Bf8 41. Rf6 Be7 42. Rh6 Kg7 43. Rh5 c3 44. f6+ Bxf6 45. Bxg5 Bxg5 46. Rxg5+ Kf8 47. Rh5 Ke7 48. Rd1 b2 49. Re5+ Kf8 50. Rb1 Ra1 0-1

[Event "Windsor NAYCC U16-U18 Girls"]
[Site "Windsor"]
[Date "2016.08.07"]
[Round "1.22"]
[White "Liu, Miranda"]
[Black "Kaneshalingam, Mathanhe"]
[Result "1-0"]
[WhiteElo "1902"]
[BlackElo "1631"]
[PlyCount "65"]
[EventDate "2016.08.07"]
[EventType "swiss"]
[EventRounds "9"]
[EventCountry "CAN"]
[SourceTitle "EXT 2022"]
[Source "ChessBase"]
[SourceDate "2021.10.06"]
[SourceVersion "1"]
[SourceVersionDate "2021.10.06"]
[SourceQuality "1"]

1. e4 c5 2. Nf3 Nc6 3. d4 cxd4 4. Nxd4 g6 5. c4 Bg7 6. Be3 Nf6 7. Nc3 Ng4 8. Qxg4 Nxd4 9. Qd1 Ne6 10. Be2 Qa5 11. Rc1 d6 12. Qd2 Bd7 13. 0-0 Bc6 14. f3 Be5 15. Rb1 Qd8 16. Nd5 Nc7 17. f4 Bg7 18. Bd4 Bxd4+ 19. Qxd4 Rg8 20. Kh1 Ne6 21. Qe3 b6 22. f5 gxf5 23. exf5 Bxd5 24. cxd5 Nc7 25. Bf3 Qd7 26. Rbe1 Kd8 27. Qf4 Rc8 28. Rc1 Nb5 29. f6 e5 30. dxe6 Qxe6 31. a4 Nc7 32. Rfe1 Qd7 33. Bc6 1-0

[Event "CAN-ch U14 Girls"]
[Site "Windsor"]
[Date "2016.07.05"]
[Round "1.46"]
[White "Kaneshalingam, Mathanhe"]
[Black "Kathirkamar, Janani"]
[Result "1-0"]
[WhiteElo "1754"]
[BlackElo "1414"]
[PlyCount "66"]
[EventDate "2016.07.05"]
[EventType "swiss"]
[EventRounds "7"]
[EventCountry "CAN"]
[SourceTitle "EXT 2022"]
[Source "ChessBase"]
[SourceDate "2021.10.06"]
[SourceVersion "1"]
[SourceVersionDate "2021.10.06"]
[SourceQuality "1"]

1. e4 e5 2. Nf3 Nc6 3. Nc3 Nf6 4. d4 exd4 5. Nxd4 Bb4 6. Nxc6 Bxc3+ 7. bxc3 bxc6 8. Bd3 h6 9. 0-0 d6 10. h3 0-0 11. Qf3 Qe8 12. Bf4 Bd7 13. Rfe1 Qd8 14. e5 Nd5 15. Qe4 f5 16. Qc4 Re8 17. exd6 cxd6 18. Rxe8+ Bxe8 19. Bxf5 Bf7 20. Bd2 Qf6 21. Qxc6 Rf8 22. Bd3 Ne7 23. Qe4 Bg6 24. Qe3 Kh8 25. Rf1 Nc6 26. Bxg6 Qxg6 27. Qd3 Qf6 28. Be3 Ne5 29. Qd4 Qg6 30. Qxa7 Nf3+ 31. Kh1 Nh4 32. Qb7 d5 33. Qxd5 Rf3 1-0

[Event "North American-ch U20 Girls"]
[Site "Kitchener"]
[Date "2015.07.29"]
[Round "6"]
[White "Hua, Margaret"]
[Black "Kaneshalingam, Mathanhe"]
[Result "1/2-1/2"]
[WhiteElo "1907"]
[BlackElo "1585"]
[PlyCount "112"]
[EventDate "2015.07.26"]
[EventType "swiss"]
[EventRounds "9"]
[EventCountry "CAN"]
[SourceTitle "EXT 2019"]
[Source "ChessBase"]
[SourceDate "2018.10.10"]
[SourceVersion "1"]
[SourceVersionDate "2018.10.10"]
[SourceQuality "1"]

1. e4 c5 2. Nf3 Nc6 3. d4 cxd4 4. Nxd4 g6 5. Nc3 Bg7 6. Be3 Nf6 7. Bc4 0-0 8. Bb3 d6 9. h3 Qa5 10. 0-0 Bd7 11. f4 Nxd4 12. Bxd4 Bc6 13. Nd5 Bxd5 14. exd5 Qc7 15. Qe2 Rfe8 16. Rae1 a6 17. Kh2 Nd7 18. Bxg7 Kxg7 19. Rf3 Nc5 20. Re3 Kf8 21. f5 Qd7 22. Rf1 f6 23. Qg4 Kg7 24. Rg3 g5 25. h4 h6 26. Qh5 Rh8 27. Rh3 Qe8 28. Qe2 Qf7 29. Re1 Rae8 30. Qc4 b5 31. Qb4 Rb8 32. a3 Rhe8 33. Ba2 Nd7 34. g4 Ne5 35. Kg3 Rh8 36. Reh1 Rbc8 37. Qd2 Rcg8 38. Qh2 Nxg4 39. Qe2 Ne5 40. a4 Rb8 41. axb5 Rxb5 42. c4 Rb6 43. Qf2 Rbb8 44. hxg5 fxg5 45. Kg2 Qf6 46. Rc3 Ng4 47. Qc2 Kf7 48. Re1 Ne5 49. c5 Rb7 50. cxd6 exd6 51. Rc7+ Rxc7 52. Qxc7+ Qe7 53. Qb6 Rc8 54. Qxa6 Rc2+ 55. Re2 Rc7 56. b4 Ra7 1/2-1/2

[Event "CAN-ch U14 Girls"]
[Site "Windsor"]
[Date "2015.07.07"]
[Round "3.46"]
[White "Jiang, Jennifer"]
[Black "Kaneshalingam, Mathanhe"]
[Result "0-1"]
[WhiteElo "735"]
[BlackElo "1769"]
[PlyCount "90"]
[EventDate "2015.07.06"]
[EventType "swiss"]
[EventRounds "7"]
[EventCountry "CAN"]
[SourceTitle "EXT 2022"]
[Source "ChessBase"]
[SourceDate "2021.10.06"]
[SourceVersion "1"]
[SourceVersionDate "2021.10.06"]
[SourceQuality "1"]

1. e4 c5 2. Nf3 Nc6 3. Nc3 g6 4. d3 Bg7 5. Be3 d6 6. Be2 Nd4 7. 0-0 e5 8. Nd5 Be6 9. c3 Nxf3+ 10. Bxf3 Bxd5 11. exd5 f5 12. d4 cxd4 13. cxd4 e4 14. Be2 a6 15. f3 exf3 16. Rxf3 Ne7 17. Qb3 Qd7 18. Rd1 0-0 19. Rh3 f4 20. Bf2 g5 21. Rh5 h6 22. g3 Rf6 23. gxf4 Rxf4 24. Bg3 Rf6 25. Qd3 Raf8 26. Qe4 Nf5 27. Bg4 Qb5 28. Be2 Qxb2 29. Rb1 Qxd4+ 30. Qxd4 Nxd4 31. Bd3 b5 32. Rb4 Nf5 33. Bxf5 Rxf5 34. Bxd6 Rd8 35. Be7 Rdxd5 36. Rh3 Rfe5 37. Bxg5 Rxg5+ 38. Kf2 Rd2+ 39. Ke3 Rxa2 40. Kd3 Ra3+ 41. Kc2 Rxh3 42. Rd4 Bxd4 43. Kd2 Rg2+ 44. Ke1 Rhxh2 45. Kf1 Rg1# 0-1

[Event "CAN-ch U14 Girls"]
[Site "Windsor"]
[Date "2015.07.07"]
[Round "2.47"]
[White "Kaneshalingam, Mathanhe"]
[Black "Xu, Allyson"]
[Result "1/2-1/2"]
[WhiteElo "1769"]
[BlackElo "1461"]
[PlyCount "155"]
[EventDate "2015.07.06"]
[EventType "swiss"]
[EventRounds "7"]
[EventCountry "CAN"]
[SourceTitle "EXT 2022"]
[Source "ChessBase"]
[SourceDate "2021.10.06"]
[SourceVersion "1"]
[SourceVersionDate "2021.10.06"]
[SourceQuality "1"]

1. e4 e5 2. Nf3 Nc6 3. Nc3 Nf6 4. d4 exd4 5. Nxd4 d6 6. Nxc6 bxc6 7. h3 Be6 8. Bd3 Be7 9. 0-0 0-0 10. f4 a5 11. f5 Bc8 12. Qf3 Bb7 13. g4 Nd7 14. Bf4 Bg5 15. Qe3 Bxf4 16. Qxf4 Ba6 17. g5 Bxd3 18. cxd3 Kh8 19. Kh1 Rb8 20. Rab1 Rb4 21. Qe3 Qb8 22. b3 Qb6 23. Qg3 Qb8 24. Rf2 Qe8 25. a3 Rb8 26. d4 Rb6 27. Rfb2 Kg8 28. Qh4 Kh8 29. Qg4 Rg8 30. h4 f6 31. Rg1 Rb8 32. Qf3 Rb6 33. Rbb1 Rb8 34. Nd1 c5 35. d5 Ne5 36. Qc3 Qe7 37. Nf2 c6 38. dxc6 Nxc6 39. Qd2 Nd4 40. Rg3 Qe5 41. Kg2 d5 42. Qd3 dxe4 43. Qxe4 Qxe4+ 44. Nxe4 Nxf5 45. Rc3 Rge8 46. Nxc5 Nxh4+ 47. Kh3 fxg5 48. b4 axb4 49. axb4 h6 50. Na6 Rb6 51. b5 Ra8 52. Rcb3 Ng6 53. Nc7 Rc8 54. Nd5 Nf4+ 55. Nxf4 gxf4 56. Kg4 g5 57. Kh5 Kg7 58. Ra3 Rcb8 59. Rab3 R8b7 60. R1b2 f3 61. Rxf3 Rxb5 62. Rxb5 Rxb5 63. Rc3 Rb6 64. Rc7+ Kf8 65. Rc4 Ke7 66. Re4+ Kd7 67. Rd4+ Kc7 68. Rc4+ Rc6 69. Rd4 Kb6 70. Rd5 Rf6 71. Rd4 Kc5 72. Ra4 Kd5 73. Ra5+ Ke4 74. Ra4+ Kf3 75. Ra3+ Kg2 76. Ra2+ Rf2 77. Ra6 g4 78. Kxg4 1/2-1/2

[Event "Toronto NAYCC U12 Girls"]
[Site "Toronto"]
[Date "2013.08.16"]
[Round "4"]
[White "Kaneshalingam, Mathanhe"]
[Black "Xu, Allyson"]
[Result "1-0"]
[WhiteElo "1515"]
[BlackElo "967"]
[PlyCount "83"]
[EventDate "2013.08.14"]
[EventType "swiss"]
[EventRounds "9"]
[EventCountry "CAN"]
[SourceTitle "EXT 2022"]
[Source "ChessBase"]
[SourceDate "2021.10.06"]
[SourceVersion "1"]
[SourceVersionDate "2021.10.06"]
[SourceQuality "1"]

1. d4 d5 2. Nf3 Nf6 3. e3 g6 4. c4 e6 5. Nc3 Bg7 6. Be2 0-0 7. 0-0 Nbd7 8. Qb3 c6 9. cxd5 exd5 10. h3 Nb6 11. Bd2 Ne4 12. Nxe4 dxe4 13. Nh2 Be6 14. Qc2 f5 15. Ba5 Qd6 16. a3 f4 17. Bb4 Qc7 18. Bxf8 Rxf8 19. f3 fxe3 20. Qxe4 Bf5 21. Qxe3 Qg3 22. Kh1 Nd5 23. Bc4 Kh8 24. Bxd5 cxd5 25. Rac1 a5 26. Rc5 Bf6 27. Rxa5 Bd8 28. Ra8 Kg7 29. Qe5+ Qxe5 30. dxe5 Kf7 31. Ng4 Ke7 32. Re1 Kd7 33. Rd1 Kc6 34. Nf6 g5 35. Rc1+ Kb5 36. Nxd5 Ba5 37. Rxf8 Bg6 38. Nc3+ Kb6 39. Rf6+ Ka7 40. Nb5+ Kb8 41. Rf8+ Bd8 42. Rxd8# 1-0

[Event "Toronto NAYCC U12 Girls"]
[Site "Toronto"]
[Date "2013.08.16"]
[Round "5"]
[White "Tan, Kylie"]
[Black "Kaneshalingam, Mathanhe"]
[Result "1/2-1/2"]
[WhiteElo "1203"]
[BlackElo "1515"]
[PlyCount "83"]
[EventDate "2013.08.14"]
[EventType "swiss"]
[EventRounds "9"]
[EventCountry "CAN"]
[SourceTitle "EXT 2022"]
[Source "ChessBase"]
[SourceDate "2021.10.06"]
[SourceVersion "1"]
[SourceVersionDate "2021.10.06"]
[SourceQuality "1"]

1. e4 c5 2. Ne2 Nc6 3. g3 d6 4. Bg2 Nf6 5. 0-0 g6 6. c3 Bg7 7. d4 cxd4 8. cxd4 Qc7 9. h3 0-0 10. Be3 e5 11. d5 Ne7 12. Nbc3 Qd7 13. Rc1 Ne8 14. Qd2 f5 15. Kh2 fxe4 16. Nxe4 Nf5 17. N2c3 Nxe3 18. Qxe3 h6 19. Rcd1 Kh7 20. Qd2 Qe7 21. Rc1 Bf5 22. Qe2 h5 23. Rcd1 Bh6 24. a3 Rc8 25. Nb5 a6 26. Nbc3 Nf6 27. Nxf6+ Qxf6 28. Be4 Bd7 29. Qxh5 Kg7 30. Qe2 Rh8 31. Bg2 Bg5 32. h4 Bxh4 33. Kg1 Bg5 34. Qf3 Qxf3 35. Bxf3 Rh7 36. Rfe1 Bh3 37. Ne4 Be7 38. Nc3 Rch8 39. Rc1 Bg5 40. Rcd1 Bf5 41. Ra1 Bd3 42. Ne4 1/2-1/2

[Event "Toronto NAYCC U12 Girls"]
[Site "Toronto"]
[Date "2013.08.15"]
[Round "3"]
[White "Escamilla Romero, Quetzija"]
[Black "Kaneshalingam, Mathanhe"]
[Result "0-1"]
[WhiteElo "1151"]
[BlackElo "1515"]
[PlyCount "120"]
[EventDate "2013.08.14"]
[EventType "swiss"]
[EventRounds "9"]
[EventCountry "CAN"]
[SourceTitle "EXT 2022"]
[Source "ChessBase"]
[SourceDate "2021.10.06"]
[SourceVersion "1"]
[SourceVersionDate "2021.10.06"]
[SourceQuality "1"]

1. e4 c5 2. c3 d5 3. exd5 Qxd5 4. d4 e6 5. Qf3 Nf6 6. Bb5+ Bd7 7. Bxd7+ Nbxd7 8. Qxd5 Nxd5 9. Nf3 N5f6 10. Bf4 Be7 11. 0-0 0-0 12. Bg5 h6 13. Bh4 cxd4 14. cxd4 Rac8 15. Ne5 Nxe5 16. dxe5 Nd5 17. Bxe7 Nxe7 18. Nc3 Rc5 19. Rfe1 Ng6 20. Rad1 Rfc8 21. Rd7 R5c7 22. Rxc7 Rxc7 23. Nb5 Rc5 24. Nxa7 Nxe5 25. b4 Rc2 26. a3 Nd3 27. Rf1 Ra2 28. Nb5 Kf8 29. g4 Ne5 30. h3 Nc4 31. Rc1 Nxa3 32. Nxa3 Rxa3 33. Rc7 Rxh3 34. Rxb7 Rb3 35. Kf1 f5 36. gxf5 exf5 37. b5 h5 38. Kg2 Kg8 39. f3 Kh7 40. Kg3 Kh6 41. Rb8 Kg5 42. Rg8 g6 43. b6 f4+ 44. Kg2 Rxb6 45. Rc8 Rb2+ 46. Kh3 Rb3 47. Rc5+ Kh6 48. Kg2 h4 49. Rc4 g5 50. Rc6+ Kh5 51. Rc5 h3+ 52. Kxh3 Rxf3+ 53. Kg2 Rg3+ 54. Kf2 Kg4 55. Rc4 Rf3+ 56. Kg2 Ra3 57. Kg1 Kg3 58. Kf1 f3 59. Rc2 Ra1+ 60. Rc1 Rxc1# 0-1

[Event "Scarborough CC-ch Reserves U1400"]
[Site "Toronto"]
[Date "2012.03.29"]
[Round "2"]
[White "Magee, Michael"]
[Black "Kaneshalingam, Mathanhe"]
[Result "0-1"]
[WhiteElo "950"]
[BlackElo "1114"]
[PlyCount "66"]
[EventDate "2012.03.22"]
[EventType "swiss"]
[EventRounds "9"]
[EventCountry "CAN"]
[SourceTitle "EXT 2022"]
[Source "ChessBase"]
[SourceDate "2021.10.06"]
[SourceVersion "1"]
[SourceVersionDate "2021.10.06"]
[SourceQuality "1"]

1. e4 c5 2. Nf3 Nc6 3. d4 cxd4 4. Nxd4 e5 5. Nxc6 bxc6 6. Nc3 Nf6 7. Be3 Bb4 8. Qd3 0-0 9. 0-0-0 Qc7 10. a3 Bxc3 11. Qxc3 Nxe4 12. Qd3 Nf6 13. h4 d5 14. f3 e4 15. Qe2 exf3 16. gxf3 Qg3 17. Bf2 Qf4+ 18. Be3 Qg3 19. Rd4 Qd6 20. Qg2 Re8 21. Bh6 g6 22. h5 Qe5 23. Rd1 Nxh5 24. f4 Nxf4 25. Bxf4 Qxf4+ 26. Kb1 Bg4 27. Rh4 h5 28. Rc1 Rab8 29. Ba6 Qf6 30. b3 Qxh4 31. a4 Bf5 32. Bf1 Rxb3+ 33. Ka2 Qxa4# 0-1

[Event "Guelph Winter Pro-Am U1600"]
[Site "Guelph"]
[Date "2012.02.12"]
[Round "5"]
[White "Birarov, Nicole"]
[Black "Kaneshalingam, Mathanhe"]
[Result "0-1"]
[WhiteElo "1131"]
[BlackElo "993"]
[PlyCount "132"]
[EventDate "2012.02.10"]
[EventType "swiss"]
[EventRounds "5"]
[EventCountry "CAN"]
[SourceTitle "EXT 2022"]
[Source "ChessBase"]
[SourceDate "2021.10.06"]
[SourceVersion "1"]
[SourceVersionDate "2021.10.06"]
[SourceQuality "1"]

1. d4 d5 2. Nf3 Nc6 3. c4 e6 4. Nc3 Nf6 5. e3 Bb4 6. Bd3 0-0 7. a3 Bxc3+ 8. bxc3 h6 9. 0-0 b6 10. Ne5 Nxe5 11. dxe5 Nd7 12. f4 Nc5 13. Bb1 dxc4 14. Qc2 Qd3 15. Qb2 Qd5 16. Bc2 Bb7 17. Rf2 Nd3 18. Bxd3 Qxd3 19. Bd2 Rfd8 20. Re1 Qe4 21. Qc1 Rd7 22. Qd1 Rad8 23. Ree2 Rd3 24. Qc2 a6 25. h3 b5 26. f5 exf5 27. Rf4 Qxe5 28. Qd1 Rxc3 29. Qa1 Rxd2 30. Rxd2 Rxe3 31. Qxe5 Rxe5 32. Rd8+ Kh7 33. Rd7 Re3 34. a4 Rd3 35. Rxc7 Rd1+ 36. Kf2 Rd2+ 37. Ke3 Rd3+ 38. Kf2 Rd2+ 39. Ke1 Rxg2 40. Rxb7 bxa4 41. Rxc4 a3 42. Rb1 Rg1+ 43. Kd2 Rxb1 44. Ra4 Rh1 45. Rxa3 Rh2+ 46. Ke1 g5 47. Kf1 Kg7 48. Kg1 Rd2 49. Rxa6 f6 50. Ra5 Kg6 51. Ra4 h5 52. Ra8 Rd7 53. Kg2 g4 54. h4 f4 55. Ra5 Rd2+ 56. Kf1 Rh2 57. Ra4 f3 58. Kg1 Rxh4 59. Ra1 g3 60. Ra3 Rf4 61. Kf1 h4 62. Ra8 Rc4 63. Ke1 Re4+ 64. Kf1 f2 65. Ra3 Re1+ 66. Kg2 f1Q# 0-1

[Event "Guelph Winter Pro-Am U1600"]
[Site "Guelph"]
[Date "2012.02.10"]
[Round "1"]
[White "Tismenko, Dennis"]
[Black "Kaneshalingam, Mathanhe"]
[Result "1-0"]
[WhiteElo "1405"]
[BlackElo "993"]
[PlyCount "40"]
[EventDate "2012.02.10"]
[EventType "swiss"]
[EventRounds "5"]
[EventCountry "CAN"]
[SourceTitle "EXT 2022"]
[Source "ChessBase"]
[SourceDate "2021.10.06"]
[SourceVersion "1"]
[SourceVersionDate "2021.10.06"]
[SourceQuality "1"]

1. e4 c5 2. Nc3 Nc6 3. f4 e6 4. Bc4 Nge7 5. Bb3 g6 6. Nf3 Bg7 7. 0-0 0-0 8. d3 d5 9. Qe1 d4 10. Ne2 Bd7 11. Qh4 h6 12. f5 exf5 13. Bxh6 Qc7 14. Bf4 Qb6 15. Ng5 Rfe8 16. Bxf7+ Kf8 17. Bxe8 Rxe8 18. Qh7 c4 19. exf5 Nxf5 20. Qxg6 Rxe2 1-0

[Event "Scarborough CC Frost U1400"]
[Site "Toronto"]
[Date "2012.01.19"]
[Round "3"]
[White "Kaneshalingam, Mathanhe"]
[Black "Mendrinos, Ari"]
[Result "0-1"]
[WhiteElo "1027"]
[BlackElo "1363"]
[PlyCount "101"]
[EventDate "2012.01.05"]
[EventType "swiss"]
[EventRounds "6"]
[EventCountry "CAN"]
[SourceTitle "EXT 2022"]
[Source "ChessBase"]
[SourceDate "2021.10.06"]
[SourceVersion "1"]
[SourceVersionDate "2021.10.06"]
[SourceQuality "1"]

1. e4 e6 2. d4 d5 3. e5 c5 4. c3 a6 5. Nf3 Nc6 6. Be3 cxd4 7. cxd4 Bb4+ 8. Nc3 Nge7 9. Qc2 Nf5 10. Bd3 Nxe3 11. fxe3 g6 12. 0-0 0-0 13. Rae1 f5 14. Qf2 Bxc3 15. bxc3 Qe7 16. Re2 Bd7 17. h4 Rf7 18. Qg3 Rg7 19. Qf4 Rf8 20. Qh6 Nd8 21. Qg5 Qxg5 22. Nxg5 Nf7 23. Nxf7 Rgxf7 24. Rb2 b5 25. Kh2 f4 26. e4 f3 27. g3 dxe4 28. Bxe4 f2 29. Kg2 Kg7 30. Rbxf2 Rxf2+ 31. Rxf2 Rxf2+ 32. Kxf2 h6 33. g4 g5 34. h5 Kf8 35. Ke3 Ke7 36. Kd3 Bc8 37. Bf3 Kd7 38. c4 bxc4+ 39. Kxc4 Kc7 40. Kc5 Bd7 41. d5 exd5 42. Kxd5 Bc6+ 43. Ke6 Bxf3 44. Kf7 Bxg4 45. Kg6 Bxh5+ 46. Kxh5 Kd7 47. Kg4 Ke6 48. a3 Kxe5 49. a4 a5 50. Kh5 Kf4 51. Kxh6 0-1

[Event "Scarborough CC Frost U1400"]
[Site "Toronto"]
[Date "2012.01.12"]
[Round "2"]
[White "Lin, Benjamin1111"]
[Black "Kaneshalingam, Mathanhe"]
[Result "1-0"]
[WhiteElo "1286"]
[BlackElo "1027"]
[PlyCount "78"]
[EventDate "2012.01.05"]
[EventType "swiss"]
[EventRounds "6"]
[EventCountry "CAN"]
[SourceTitle "EXT 2022"]
[Source "ChessBase"]
[SourceDate "2021.10.06"]
[SourceVersion "1"]
[SourceVersionDate "2021.10.06"]
[SourceQuality "1"]

1. c4 e5 2. Nc3 Nf6 3. d3 Nc6 4. e4 Bb4 5. Bd2 0-0 6. Be2 d6 7. Nf3 Bg4 8. 0-0 Qd7 9. h3 Bxf3 10. Bxf3 Nd4 11. a3 Nxf3+ 12. Qxf3 Bc5 13. Be3 Bb6 14. Bxb6 axb6 15. b4 c5 16. b5 h6 17. a4 Rfe8 18. Rfe1 Qe7 19. Re3 Qe6 20. Qe2 Qd7 21. Rg3 Kh7 22. Qf3 Rg8 23. h4 Kh8 24. Kh1 Qe7 25. Kg1 Qd7 26. Qe2 Qe7 27. Qc2 Qd7 28. Qe2 Qe7 29. Rf1 Qd7 30. Ra1 Qe7 31. Qf3 Qd7 32. Qe2 Qe7 33. Rf3 Qd7 34. Rg3 Qe7 35. Rh3 Qd7 36. Rf1 Qe7 37. Ra1 Qd7 38. Rg3 Qe7 39. Nd1 Qd7 1-0

[Event "Scarborough CC Falling Leaves U1400"]
[Site "Toronto"]
[Date "2011.11.03"]
[Round "1"]
[White "Frias, Evnato"]
[Black "Kaneshalingam, Mathanhe"]
[Result "1-0"]
[WhiteElo "1241"]
[BlackElo "993"]
[PlyCount "94"]
[EventDate "2011.11.03"]
[EventType "swiss"]
[EventRounds "7"]
[EventCountry "CAN"]
[SourceTitle "EXT 2022"]
[Source "ChessBase"]
[SourceDate "2021.10.06"]
[SourceVersion "1"]
[SourceVersionDate "2021.10.06"]
[SourceQuality "1"]

1. e4 c5 2. Nf3 Nc6 3. Bb5 d6 4. d4 cxd4 5. Qxd4 Bd7 6. Bxc6 Bxc6 7. Nc3 e5 8. Qc4 Nf6 9. Ng5 Qe7 10. 0-0 g6 11. Nd5 Bxd5 12. exd5 Bg7 13. f4 0-0 14. fxe5 Qxe5 15. Qh4 h6 16. Nh3 g5 17. Bxg5 hxg5 18. Nxg5 Rfe8 19. Rxf6 Qxf6 20. Qh7+ Kf8 21. Qh5 Re5 22. Nh7+ Ke7 23. Nxf6 Rxh5 24. Nxh5 Bxb2 25. Rb1 Bd4+ 26. Kh1 b6 27. Re1+ Kf8 28. Ng3 Be5 29. Ne4 Rc8 30. Re2 Rc4 31. g3 Ra4 32. c3 b5 33. Kg2 b4 34. cxb4 Rxb4 35. h4 f6 36. g4 Rb7 37. Rf2 Rf7 38. Nd2 a5 39. Nc4 a4 40. Nxe5 fxe5 41. Rxf7+ Kxf7 42. Kf3 Kg6 43. h5+ Kg5 44. a3 Kf6 45. Ke4 Kg5 46. Kf3 Kf6 47. Ke3 Kg5 1-0

[Event "Scarborough CC Howard Ridout U1800"]
[Site "Toronto"]
[Date "2011.10.27"]
[Round "6"]
[White "Maurer, Hans"]
[Black "Kaneshalingam, Mathanhe"]
[Result "0-1"]
[WhiteElo "1018"]
[BlackElo "955"]
[PlyCount "62"]
[EventDate "2011.09.08"]
[EventType "swiss"]
[EventRounds "6"]
[EventCountry "CAN"]
[SourceTitle "EXT 2022"]
[Source "ChessBase"]
[SourceDate "2021.10.06"]
[SourceVersion "1"]
[SourceVersionDate "2021.10.06"]
[SourceQuality "1"]

1. e4 c5 2. Nc3 Nc6 3. a3 e5 4. Nf3 Nf6 5. Bc4 Be7 6. d3 h6 7. 0-0 0-0 8. Nh4 Nxe4 9. Nxe4 Bxh4 10. Qg4 d5 11. Qf3 dxe4 12. Qxe4 Bg5 13. f4 exf4 14. Bxf4 Bxf4 15. Rxf4 Qd4+ 16. Kh1 Qxe4 17. Rxe4 Bd7 18. b4 cxb4 19. axb4 Nxb4 20. c3 Nc6 21. d4 Rac8 22. Bd3 Bf5 23. Re3 Bxd3 24. Rxd3 Rfe8 25. d5 Ne5 26. Re3 Nd7 27. Rae1 Rxe3 28. Rxe3 Kf8 29. d6 Re8 30. Rxe8+ Kxe8 31. h4 a5 0-1